| 000 | 00339nam a2200121Ia 4500 | ||
|---|---|---|---|
| 008 | 190216s9999||||xx |||||||||||||| ||und|| | ||
| 100 | _aKazanskaya As & Skoblo V A | ||
| 245 | 0 | _aCalculations Of Chemical Equilibria Examples And Problems | |
| 260 |
_bMir Publishers _c1978 |
||
| 300 | _a326 | ||
| 650 | _aChemistry-Chemistry | ||
| 942 | _cBK | ||
| 999 |
_c2123 _d2123 |
||